Most Violent Countries - Statistics

General Stats
  • This quiz has been taken 103 times
  • The average score is 10 of 15
Answer Stats
Global Peace Index Score Country % Correct
3.573 Iraq
88%
3.412 Syria
81%
3.300 Afghanistan
80%
3.574 Somalia
76%
3.218 Democratic Republic Of The Congo
73%
3.072 Pakistan
71%
3.526 South Sudan
69%
2.921 Sudan
69%
3.093 Russia
68%
3.369 Yemen
65%
3.296 Central African Republic
60%
3.285 Libya
58%
2.995 North Korea
52%
2.950 Ukraine
50%
3.015 Turkey
36%
No matching quizzes found
Score Distribution
Percent of People with Each Score
Percentile by Number Answered
Your Score History
You have not taken this quiz